000 00453nam a2200157 4500
001 138895
003 ES-MaACL
005 20230906195648.0
007 t|
008 070214s1961 sp r ||||1| spa d
100 1 _aSanuy, Ignacio María.
_9103551
245 1 4 _aUna Universidad para Europa /
_cIgnacio Mª Sanuy.
260 _aMadrid :
_b[s. n.],
_c1961 (
_fGráf. Osca)
300 _a71 p., 7 lám. ;
_c25 cm.
852 _aES-MaACL
_jC-20572
_bR.47679
999 _c138895
_d138895